|
|
|
|
| LEADER |
00000nam0a2200000 4500 |
| 001 |
333884 |
| 005 |
20231102004612.0 |
| 010 |
|
|
|a 9783468478710
|
| 035 |
|
|
|a (RuTPU)RU\TPU\book\359900
|
| 090 |
|
|
|a 333884
|
| 100 |
|
|
|a 20170703d2004 m y0rusy50 ca
|
| 101 |
0 |
|
|a ger
|
| 102 |
|
|
|a DE
|
| 105 |
|
|
|a a j 001zy
|
| 200 |
1 |
|
|a Berliner platz 3. Deutsch im alltag fur erwachsene zertifikatsband
|f A. Koker [и др.]
|
| 210 |
|
|
|a Berlin
|c Langenscheidt
|d 2004
|
| 215 |
|
|
|a 272 p.
|c il.
|
| 320 |
|
|
|a Alphabetische Wortliste: p. 258-268
|
| 606 |
1 |
|
|a Немецкий язык
|x Учебные руководства и пособия
|2 stltpush
|3 (RuTPU)RU\TPU\subj\45390
|9 64633
|
| 610 |
1 |
|
|a лексика
|
| 610 |
1 |
|
|a грамматика
|
| 610 |
1 |
|
|a письменная речь
|
| 610 |
1 |
|
|a упражнения
|
| 686 |
|
|
|a Ш143.24-923
|v LBC/SL-A
|2 rubbk
|
| 701 |
|
1 |
|a Koker
|b A.
|g Anne
|
| 701 |
|
1 |
|a Lemcke
|b C.
|g Chistiane
|
| 701 |
|
1 |
|a Rohrmann
|b L.
|g Lutz
|
| 701 |
|
1 |
|a Rusch
|b P.
|g Paul
|
| 701 |
|
1 |
|a Scherling
|b T.
|g Theo
|
| 701 |
|
1 |
|a Sonntag
|b R.
|g Ralf
|
| 801 |
|
1 |
|a RU
|b 63413507
|c 20170703
|
| 801 |
|
2 |
|a RU
|b 63413507
|c 20221209
|g RCR
|
| 942 |
|
|
|c BK
|